<?xml version="1.0" encoding="UTF-8"?>
<record
    xmlns:xsi="http://www.w3.org/2001/XMLSchema-instance"
    xsi:schemaLocation="http://www.loc.gov/MARC21/slim http://www.loc.gov/standards/marcxml/schema/MARC21slim.xsd"
    xmlns="http://www.loc.gov/MARC21/slim">

  <leader>01166nam a22002537a 4500</leader>
  <controlfield tag="005">20231102151820.0</controlfield>
  <controlfield tag="008">150522b2009    sp a|||f |||| 00| 0 spa d</controlfield>
  <datafield tag="020" ind1=" " ind2=" ">
    <subfield code="a">978-84-773885-6-2</subfield>
  </datafield>
  <datafield tag="050" ind1=" " ind2=" ">
    <subfield code="a">G155.A1 G46 2009</subfield>
  </datafield>
  <datafield tag="100" ind1=" " ind2=" ">
    <subfield code="a">BARRADO, Diego A.</subfield>
    <subfield code="d">editor</subfield>
  </datafield>
  <datafield tag="245" ind1=" " ind2=" ">
    <subfield code="a">Geograf&#xED;a mundial del turismo</subfield>
    <subfield code="c">/ Diego A. Barrado y Jordi Calabuig (ditores)</subfield>
  </datafield>
  <datafield tag="260" ind1=" " ind2=" ">
    <subfield code="a">Espa&#xF1;a</subfield>
    <subfield code="b">: Editorial S&#xED;ntesis</subfield>
    <subfield code="c">, 2009</subfield>
  </datafield>
  <datafield tag="300" ind1=" " ind2=" ">
    <subfield code="a">508 p&#xE1;ginas</subfield>
  </datafield>
  <datafield tag="337" ind1=" " ind2=" ">
    <subfield code="a">texto</subfield>
  </datafield>
  <datafield tag="338" ind1=" " ind2=" ">
    <subfield code="a">sin medio</subfield>
  </datafield>
  <datafield tag="339" ind1=" " ind2=" ">
    <subfield code="a">volumen</subfield>
  </datafield>
  <datafield tag="440" ind1=" " ind2=" ">
    <subfield code="a">Gesti&#xF3;n tur&#xED;stica</subfield>
  </datafield>
  <datafield tag="500" ind1=" " ind2=" ">
    <subfield code="a">Plan Flexible / Lic. AET / / 14 000491</subfield>
  </datafield>
  <datafield tag="500" ind1=" " ind2=" ">
    <subfield code="a">Bibliograf&#xED;a p.495</subfield>
  </datafield>
  <datafield tag="505" ind1=" " ind2=" ">
    <subfield code="a">Introducci&#xF3;n
I. EL TURISMO Y EL TERRITORIO
1. Un fen&#xF3;meno a escala mundial
2. La historia del turismo
3. La vocaci&#xF3;n tur&#xED;stica del territorio
II. LOS TIPOS DE TURISMO
4. Turismo de espacios litorales e insulares
5. Turismo en espacios de monta&#xF1;a y naturales
6. Turismo urbano
7. Turismo en espacios rurales
III. LAS REGIONES TUR&#xCD;STICAS
8. Am&#xE9;rica del norte
9. Am&#xE9;rica del sur y central
10. Europa
11. &#xC1;frica
12. Asia
13. Ocean&#xED;a</subfield>
  </datafield>
  <datafield tag="650" ind1="1" ind2="0">
    <subfield code="a">TURISMO</subfield>
    <subfield code="x">MUNDIAL</subfield>
  </datafield>
  <datafield tag="650" ind1=" " ind2=" ">
    <subfield code="a">TURISMO</subfield>
    <subfield code="x">GEOGRAF&#xCD;A</subfield>
  </datafield>
  <datafield tag="942" ind1=" " ind2=" ">
    <subfield code="c">LB</subfield>
  </datafield>
  <datafield tag="952" ind1=" " ind2=" ">
    <subfield code="0">0</subfield>
    <subfield code="1">0</subfield>
    <subfield code="2">lcc</subfield>
    <subfield code="4">0</subfield>
    <subfield code="7">0</subfield>
    <subfield code="a">14</subfield>
    <subfield code="b">14</subfield>
    <subfield code="d">2015-05-14</subfield>
    <subfield code="l">2</subfield>
    <subfield code="m">1</subfield>
    <subfield code="o">G155.A1 G46 2009</subfield>
    <subfield code="p">14 000491</subfield>
    <subfield code="r">2019-10-30</subfield>
    <subfield code="s">2019-10-19</subfield>
    <subfield code="t">1</subfield>
    <subfield code="w">2015-05-22</subfield>
    <subfield code="y">LB</subfield>
  </datafield>
  <datafield tag="952" ind1=" " ind2=" ">
    <subfield code="0">0</subfield>
    <subfield code="1">0</subfield>
    <subfield code="2">lcc</subfield>
    <subfield code="4">0</subfield>
    <subfield code="7">0</subfield>
    <subfield code="a">14</subfield>
    <subfield code="b">14</subfield>
    <subfield code="d">2015-05-14</subfield>
    <subfield code="l">2</subfield>
    <subfield code="o">G155.A1 G46 2009</subfield>
    <subfield code="p">14 000492</subfield>
    <subfield code="r">2016-08-22</subfield>
    <subfield code="s">2016-08-22</subfield>
    <subfield code="t">2</subfield>
    <subfield code="w">2015-05-22</subfield>
    <subfield code="y">LB</subfield>
  </datafield>
  <datafield tag="999" ind1=" " ind2=" ">
    <subfield code="c">96575</subfield>
    <subfield code="d">96575</subfield>
  </datafield>
</record>
